Modern psychology: The teachings of Carl Gustar Jung (Record no. 34091)

MARC details
000 -LEADER
fixed length control field 00324nam a2200121Ia 4500
082 ## - DEWEY DECIMAL CLASSIFICATION NUMBER
Classification number 159.9
Item number COX
100 ## - MAIN ENTRY--AUTHOR NAME
Personal name Cox, David
245 #0 - TITLE STATEMENT
Title Modern psychology: The teachings of Carl Gustar Jung
260 ## - PUBLICATION, DISTRIBUTION, ETC. (IMPRINT)
Place of publication New York
Name of publisher Barnes & Noble
Year of publication 1968
650 ## - SUBJECT ADDED ENTRY--TOPICAL TERM
Topical Term Psychology
942 ## - ADDED ENTRY ELEMENTS (KOHA)
Koha item type Books
Holdings
Withdrawn status Lost status Damaged status Not for loan Home library Current library Date acquired Cost, normal purchase price Full call number Accession Number Koha item type
        RRII Library RRII Library 16/12/2021 2.50 159.9 COX 14531 Books